| 000 | 00430cam a22001577a 4500 | ||
|---|---|---|---|
| 008 | 180718b1995 xxu||||| |||| 00| 0 eng d | ||
| 020 | _a1860464564 | ||
| 082 | _aA6x54 P298 | ||
| 100 | _aPaz, Octavio | ||
| 245 |
_aIn light of India _cby Octavio Paz |
||
| 260 |
_aLondon _bHarvill Press _c1995 |
||
| 300 | _a209p. | ||
| 650 | _aDemocracy - History - India | ||
| 650 | _aNationalism - History - India | ||
| 650 | _aIndia - History | ||
| 999 |
_c385839 _d385839 |
||